000 00324pab a2200133 454500
008 180718b1996 xxu||||| |||| 00| 0 eng d
245 _aSPECIAL issue on global effort for conquest of AIDS
260 _c1996
300 _ap.3-38
362 _aDec
650 _aHealth services
773 _aSocial Welfare
909 _a32982
999 _c32982
_d32982